Central Library OPAC University of Rajshahi

A systems view of planning : (Record no. 16831)

MARC details
000 -LEADER
fixed length control field 01072nam a2200301 i 4500
001 - CONTROL NUMBER
control field 16831
003 - CONTROL NUMBER IDENTIFIER
rucl marc code BD-RjUL
005 - DATE AND TIME OF LATEST TRANSACTION
control field 20211209000045.0
008 - FIXED-LENGTH DATA ELEMENTS--GENERAL INFORMATION
fixed length control field 140215s1978 enkaf b 001 0 eng
020 ## - INTERNATIONAL STANDARD BOOK NUMBER
International Standard Book Number 0080206263 :
-- 0080206255
035 ## - SYSTEM CONTROL NUMBER
System control number (BD-RjUL)16886
040 ## - CATALOGING SOURCE
Original cataloging agency DLC
Transcribing agency DLC
Modifying agency DLC
-- BD-RjUL
Language of cataloging eng
041 ## - LANGUAGE CODE
Language code of text/sound track or separate title eng
082 00 - DEWEY DECIMAL CLASSIFICATION NUMBER
Classification number 309.2
Author mark and year CHS 1978
100 1# - MAIN ENTRY--PERSONAL NAME
Personal name Chadwick, George F.
9 (RLIN) 51961
245 12 - TITLE STATEMENT
Title A systems view of planning :
Remainder of title towards a theory of the urban and regional planning process /
Statement of responsibility, etc. George Chadwick.
250 ## - EDITION STATEMENT
Edition statement 2d ed.
260 ## - PUBLICATION, DISTRIBUTION, ETC. (IMPRINT)
Place of publication, distribution, etc. Oxford ;
-- New York :
Name of publisher, distributor, etc. Pergamon Press,
Date of publication, distribution, etc. c1978.
300 ## - PHYSICAL DESCRIPTION
Pagination xv, 432 p. (p. 431-432 publisher's list), [1] fold. leaf of plates :
Illustrations ill. ;
Size 22 cm.
490 0# - SERIES STATEMENT
Series statement Pergamon international library of science, technology, engineering, and social studies
504 ## - BIBLIOGRAPHY, ETC. NOTE
Bibliography, etc Includes bibliographies and index.
650 #0 - SUBJECT ADDED ENTRY--TOPICAL TERM
Topical term or geographic name as entry element City planning.
9 (RLIN) 51963
Topical term or geographic name as entry element Regional planning.
9 (RLIN) 51964
942 ## - ADDED ENTRY ELEMENTS (KOHA)
Source of classification or shelving scheme Dewey Decimal Classification
Koha item type Books
Holdings
Lost status Source of classification or shelving scheme Damaged status Not for loan Collection code Permanent Location Current Location Shelving location Date acquired Source of acquisition Cost, normal purchase price Total Checkouts Full call number Date last seen Copy number Koha item type
  Dewey Decimal Classification   Not For Loan Non-fiction Central Library, University of Rajshahi Central Library, University of Rajshahi Reading Room 11/03/1980 Heffers 5.00   309.2 CHS 1978 15/02/2014 C-1 Books
  Dewey Decimal Classification     Non-fiction Central Library, University of Rajshahi Central Library, University of Rajshahi   11/03/1980 Heffer & sons 5.00   309.2 CHS 1978 25/11/2019 C-2 Books